banner-ar

Les Deux Routes Syrienne et Egyptienne de Pelerinage : (Record no. 60709)

MARC details
000 -الفاتح
حقل البيانات ثابتة الطول 00759nam a22002297a 4500
005 - وقت وتاريخ اخر تعامل مع التسجيلة
رقم الضبط 20240530110424.0
008 - عناصر البيانات ثابتة الطول - معلومات عامة
حقل البيانات ثابتة الطول 150318r2011 ua abohf b 001 0 fre d
020 ## - الرقم الدولى المعيارى للكتب
الرقم الدولى المعيارى للكتاب 9782724704884
020 ## - الرقم الدولى المعيارى للكتب
الرقم الدولى المعيارى للكتاب 9782724705645
022 ## - الرقم الدولى المعيارى للدوريات
المصدر 02574136
040 ## - مصدر الفهرسة
وكالة الفهرسة الأصلية EG-CaGPL
وكالة النسخ EG-CaGPL
082 04 - رقم تصنيف ديوى العشرى
رقم الطبعة 21
رقم التصنيف 930.1
رقم المادة CC/A D
100 0# - المدخل الرئيسى - إسم شخصى
الإسم الشخصى Ali Ibrahim Al Ghabban
245 14 - بيان العنوان
العنوان Les Deux Routes Syrienne et Egyptienne de Pelerinage :
بقية العنوان au Nord - Ouest de L' Arabie Saoudite /
بيان المسئوليه,etc Ali Ibrahim Al Ghabban
260 ## - PUBLICATION, DISTRIBUTION, ETC. (IMPRINT)
تاريخ النشر أو التوزيع 2011 .
300 ## - الوصف المادى
التعداد 2 parts :
تفاصيل ماديه اخرى للوعاء ill. , maps ;
أبعاد الوعاء 28 cm.
504 ## - تبصرة ببليوجرافية
تبصرة ببليوجرافية,الخ Includes bibliographical references.
651 #0 - المدخل الاضافى بالموضوع - اسم جغرافى
الاسم الجغرافي AlHejaz
التقسيم الفرعي الزمني History
942 ## - عناصر المدخل الإضافي( كوها)
مصدر التصنيف او مخطط الترفيف Dewey Decimal Classification
Koha [default] item type كتاب
260 ## - PUBLICATION, DISTRIBUTION, ETC. (IMPRINT)
-- Le Caire :
-- Institut Francais D'Archeologie Orientale ,
Holdings
حالة التراجع حالة الفقد مصدر التصنيف او خطة الترفيف حالة تلف ليس للاعارة المكان المؤقت الموقع الحالى تاريخ الاكتساب اجمالي اﻻعارات رقم الطلب الباركود تاريخ اخر مشاهدة تاريخ تفعيل السعر نوع وعاء كوها
    ddc     مكتبة القاهرة الكبرى مكتبة القاهرة الكبرى 03/18/2015   930.1 CC/A D 159811 03/18/2015 03/18/2015 كتاب

Powered By

EGPV